SCH a dit #2 - Statistiques

Statistiques générales
  • Ce quiz a été pris 485 fois
  • Le résultat moyen est 5 sur 15
Answers on the Grid
Answers color-coded by a green-red scale on the quiz's grid according to % correct below.
J'ai trop les idées claires, j'crois qu'j'ai des idées d'trop, au resto, ça sent l'tabasco, les paradis fiscaux
J'me suis levé un cul pas possible et j'vois des mecs exploser avec des phrases illisibles
Toujours pas d'glaçon dans mon Hennesy, donnez-moi de la monnaie j'hypothèque
Attends d'voir chanter les morts autour de ma tombe en empilant les corps inanimés
Qu'est-c'que j'm'en branle d'aller vivre aux Bahamas, si j'ai deux-trois millions et deux-trois FAMAS
Plus personne qui joue les killers quand il pleut du plomb, j'ai pris l'rap et la vida, profond par le fion
Avoue qu'y a rien à voir, qu'l'avenir, tu veux pas y penser, parce qu'ici, c'est noir et qu'Iblis nous fait tous danser
Je bois, j'me reconstruis, j'écris seul dans ma chambre, j'pense aux rivaux
J'cause aux murs, j'entends dans ses murmures qu'j'ai mis son cœur en lambeaux
Peu à peu les flammes embrasseront l'vent, peu à peu les drames s'effaceront dans l'temps
Si j'ai peur, je persiste, j'ai jamais eu le choix, là où on est censé l'avoir
J'arrive avec un hippodrome dans le moteur, on a les masques et les Glocks et les chargeurs
Et les conversations sur Signal, elle entend les montants, elle est love de moi, la rafale sous l'son des cigales, ganté, cagoulé pour les propales
Siège baquet, j'fais des pieds plancher, dans mon coffre, ça crie
Regard noir et vide, la lune éclaire le visage des potos qu'j'ai vus s'éteindre
Ils ont senti la mort, ils ont appelé les rats, sur la route de la hess, ils font qu'accélérer
Lunettes noires, puta, j'arrive des ténèbres, du bon ou du mauvais côté du pays
L’huissier, son foutu enthousiasme en vue du travail accompli
C'est pour les mecs de chez nous, les équipes de nuit qui baroudent ou qui restent postichés au Q.G. entre couilles
J'ai des ennemis, des proches sur la liste et j'traîne le foutu charme du soliste
 
Statistiques - réponses
Réponse % Correct
Balafres J'me suis levé un cul pas possible et j'vois des mecs exploser avec des phrases illisibles
73%
Assoces Qu'est-c'que j'm'en branle d'aller vivre aux Bahamas, si j'ai deux-trois millions et deux-trois FAMAS
73%
Fusil J'cause aux murs, j'entends dans ses murmures qu'j'ai mis son cœur en lambeaux
63%
Ciel rouge Peu à peu les flammes embrasseront l'vent, peu à peu les drames s'effaceront dans l'temps
54%
La paresse (feat. Sadek) J'ai trop les idées claires, j'crois qu'j'ai des idées d'trop, au resto, ça sent l'tabasco, les paradis fiscaux
44%
Frime Plus personne qui joue les killers quand il pleut du plomb, j'ai pris l'rap et la vida, profond par le fion
33%
GJS (feat. Gims,Jul) Attends d'voir chanter les morts autour de ma tombe en empilant les corps inanimés
29%
Lumière blanche Si j'ai peur, je persiste, j'ai jamais eu le choix, là où on est censé l'avoir
26%
Massimo Je bois, j'me reconstruis, j'écris seul dans ma chambre, j'pense aux rivaux
23%
La nuit L’huissier, son foutu enthousiasme en vue du travail accompli
23%
Crack Lunettes noires, puta, j'arrive des ténèbres, du bon ou du mauvais côté du pays
23%
Alleluia Regard noir et vide, la lune éclaire le visage des potos qu'j'ai vus s'éteindre
23%
King J'ai des ennemis, des proches sur la liste et j'traîne le foutu charme du soliste
19%
Les derniers marioles (feat. Soso Maness) Et les conversations sur Signal, elle entend les montants, elle est love de moi, la rafale sous l'son des cigales, ganté, cagoulé pour les propales
17%
6.45i Siège baquet, j'fais des pieds plancher, dans mon coffre, ça crie
15%
Aucun quiz correspondant
Distribution des résultats
% des personnes avec chaque résultat
Percentile par nombre de réponses
Votre historique - résultats
Vous n’avez pas pris ce quiz